000 00623cam a2200217 4500
008 090401t1985 xxu||||| |||| 00| 0 eng d
020 _a0620088591
035 _a(Sirsi) u11876
041 _aeng
050 _a692.50968
100 _aLaw, Norman.
245 _aHistory of the quantity surveying profession in South Africa.
260 _aJohannesburg
_bAssociation of South African Quantity Su
_c1985
300 _axii,205p. : ill. ; 30cm.
350 _a0
650 _aBUILT ENVIRONMENT-QUANTITY SURVEYING
650 _aSOUTH AFRICA
690 _aQuantity surveying
_96263
942 _n0
948 _c04/03/1997
999 _c86923
_d86923